<?xml version="1.0" encoding="UTF-8"?>
<record
    xmlns:xsi="http://www.w3.org/2001/XMLSchema-instance"
    xsi:schemaLocation="http://www.loc.gov/MARC21/slim http://www.loc.gov/standards/marcxml/schema/MARC21slim.xsd"
    xmlns="http://www.loc.gov/MARC21/slim">

  <leader>06152nam a2200745 i 4500</leader>
  <controlfield tag="003">EG-ScBUE</controlfield>
  <controlfield tag="005">20240205150401.0</controlfield>
  <controlfield tag="008">141120m20022003ua a   f be   001 0 ara d</controlfield>
  <datafield tag="020" ind1=" " ind2=" ">
    <subfield code="a">9770180722 (&#x62C;.1)</subfield>
  </datafield>
  <datafield tag="020" ind1=" " ind2=" ">
    <subfield code="a">9770180730 (&#x62C;.2)</subfield>
  </datafield>
  <datafield tag="020" ind1=" " ind2=" ">
    <subfield code="a">9770180750 (&#x62C;.3)</subfield>
  </datafield>
  <datafield tag="020" ind1=" " ind2=" ">
    <subfield code="a">9770180777 (&#x62C;.4)</subfield>
  </datafield>
  <datafield tag="020" ind1=" " ind2=" ">
    <subfield code="a">9770180785 (&#x62C;.5)</subfield>
  </datafield>
  <datafield tag="020" ind1=" " ind2=" ">
    <subfield code="a">9770180793 (6.&#x62C;)</subfield>
  </datafield>
  <datafield tag="020" ind1=" " ind2=" ">
    <subfield code="a">9770180802 (&#x62C;.7)</subfield>
  </datafield>
  <datafield tag="020" ind1=" " ind2=" ">
    <subfield code="a">9770180812 (&#x62C;.8)</subfield>
  </datafield>
  <datafield tag="020" ind1=" " ind2=" ">
    <subfield code="a">9770180823 (&#x62C;.9)</subfield>
  </datafield>
  <datafield tag="020" ind1=" " ind2=" ">
    <subfield code="a">9770180832 (&#x62C;.10)</subfield>
  </datafield>
  <datafield tag="020" ind1=" " ind2=" ">
    <subfield code="a">9770180842 (&#x62C;.11)</subfield>
  </datafield>
  <datafield tag="020" ind1=" " ind2=" ">
    <subfield code="a">9770182486 (&#x62C;.12)</subfield>
  </datafield>
  <datafield tag="020" ind1=" " ind2=" ">
    <subfield code="a">9770182508 (&#x62C;.13)</subfield>
  </datafield>
  <datafield tag="020" ind1=" " ind2=" ">
    <subfield code="a">9770182494 (&#x62C;.14)</subfield>
  </datafield>
  <datafield tag="020" ind1=" " ind2=" ">
    <subfield code="a">97701859061 (&#x62C;.15)</subfield>
  </datafield>
  <datafield tag="020" ind1=" " ind2=" ">
    <subfield code="a">9770185914 (&#x62C;.16)</subfield>
  </datafield>
  <datafield tag="020" ind1=" " ind2=" ">
    <subfield code="a">9770185922 (&#x62C;.17)</subfield>
  </datafield>
  <datafield tag="020" ind1=" " ind2=" ">
    <subfield code="a">9770187386 (&#x62C;.18)</subfield>
  </datafield>
  <datafield tag="020" ind1=" " ind2=" ">
    <subfield code="a">9770185949 (&#x62C;.19)</subfield>
  </datafield>
  <datafield tag="020" ind1=" " ind2=" ">
    <subfield code="a">9770185930 (&#x62C;.20)</subfield>
  </datafield>
  <datafield tag="020" ind1=" " ind2=" ">
    <subfield code="a">9770187399 (&#x62C;.21)</subfield>
  </datafield>
  <datafield tag="020" ind1=" " ind2=" ">
    <subfield code="a">9770187402 (&#x62C;.22)</subfield>
  </datafield>
  <datafield tag="020" ind1=" " ind2=" ">
    <subfield code="a">9770187410 (&#x62C;.23)</subfield>
  </datafield>
  <datafield tag="020" ind1=" " ind2=" ">
    <subfield code="a">9770187429 (&#x62C;.24)</subfield>
  </datafield>
  <datafield tag="020" ind1=" " ind2=" ">
    <subfield code="a">9770187437 (&#x62C;.25)</subfield>
  </datafield>
  <datafield tag="020" ind1=" " ind2=" ">
    <subfield code="a">9770187445 (&#x62C;.26)</subfield>
  </datafield>
  <datafield tag="020" ind1=" " ind2=" ">
    <subfield code="a">9770187453 (&#x62C;.27)</subfield>
  </datafield>
  <datafield tag="020" ind1=" " ind2=" ">
    <subfield code="a">9770187461 (&#x62C;.28)</subfield>
  </datafield>
  <datafield tag="020" ind1=" " ind2=" ">
    <subfield code="a">9770190748 (&#x62C;. 29- &#x62C;.30- &#x62C;.31)</subfield>
  </datafield>
  <datafield tag="020" ind1=" " ind2=" ">
    <subfield code="a">9770190756 (&#x62C;.32)</subfield>
  </datafield>
  <datafield tag="020" ind1=" " ind2=" ">
    <subfield code="a">9770190764 (&#x62C;.33)</subfield>
  </datafield>
  <datafield tag="020" ind1=" " ind2=" ">
    <subfield code="a">9770190772 (&#x62C;.34)</subfield>
  </datafield>
  <datafield tag="020" ind1=" " ind2=" ">
    <subfield code="a">9770190780 (&#x62C;.35)</subfield>
  </datafield>
  <datafield tag="020" ind1=" " ind2=" ">
    <subfield code="a">9770190799 (&#x62C;.36)</subfield>
  </datafield>
  <datafield tag="020" ind1=" " ind2=" ">
    <subfield code="a">9770190802 (&#x62C;.37)</subfield>
  </datafield>
  <datafield tag="040" ind1=" " ind2=" ">
    <subfield code="a">EG-ScBUE</subfield>
    <subfield code="b">ara</subfield>
    <subfield code="e">rda</subfield>
    <subfield code="c">EG-ScBUE</subfield>
    <subfield code="d">EG-ScBUE</subfield>
  </datafield>
  <datafield tag="041" ind1="1" ind2=" ">
    <subfield code="a">ara</subfield>
    <subfield code="h">fre</subfield>
  </datafield>
  <datafield tag="043" ind1=" " ind2=" ">
    <subfield code="a">f-ua---</subfield>
  </datafield>
  <datafield tag="082" ind1="0" ind2="4">
    <subfield code="a">962.03</subfield>
    <subfield code="b">&#x645; &#x648; &#x633;</subfield>
    <subfield code="2">22</subfield>
  </datafield>
  <datafield tag="245" ind1="0" ind2="0">
    <subfield code="a">&#x645;&#x648;&#x633;&#x648;&#x639;&#x629; &#x648;&#x635;&#x641; &#x645;&#x635;&#x631; /</subfield>
    <subfield code="c">&#x62A;&#x623;&#x644;&#x64A;&#x641; &#x639;&#x644;&#x645;&#x627;&#x621; &#x627;&#x644;&#x62D;&#x645;&#x644;&#x629; &#x627;&#x644;&#x641;&#x631;&#x646;&#x633;&#x64A;&#x629; &#x61B; &#x62A;&#x631;&#x62C;&#x645;&#x647; &#x632;&#x647;&#x64A;&#x631; &#x627;&#x644;&#x634;&#x627;&#x64A;&#x628;&#x60C; &#x645;&#x646;&#x649; &#x632;&#x647;&#x64A;&#x631; &#x627;&#x644;&#x634;&#x627;&#x64A;&#x628;.</subfield>
  </datafield>
  <datafield tag="264" ind1=" " ind2="1">
    <subfield code="a">[&#x627;&#x644;&#x642;&#x627;&#x647;&#x631;&#x629;] :</subfield>
    <subfield code="b">&#x627;&#x644;&#x647;&#x64A;&#x626;&#x629; &#x627;&#x644;&#x645;&#x635;&#x631;&#x64A;&#x629; &#x627;&#x644;&#x639;&#x627;&#x645;&#x629; &#x644;&#x644;&#x643;&#x62A;&#x627;&#x628;&#x60C;</subfield>
    <subfield code="c">2002-2003.</subfield>
  </datafield>
  <datafield tag="300" ind1=" " ind2=" ">
    <subfield code="a">37 &#x62C;&#x632;&#x621;&#x60C; 35 &#x645;&#x62C;&#x644;&#x62F; :</subfield>
    <subfield code="b">&#x625;&#x64A;&#x636;&#x627;&#x62D;&#x64A;&#x627;&#x62A; &#x61B;</subfield>
    <subfield code="c">30 &#x633;&#x645;.</subfield>
  </datafield>
  <datafield tag="336" ind1=" " ind2=" ">
    <subfield code="2">rdacontent</subfield>
    <subfield code="a">&#x646;&#x635;</subfield>
    <subfield code="b">txt</subfield>
  </datafield>
  <datafield tag="337" ind1=" " ind2=" ">
    <subfield code="a">&#x628;&#x62F;&#x648;&#x646; &#x648;&#x633;&#x64A;&#x637;</subfield>
    <subfield code="2">rdamedia</subfield>
    <subfield code="b">n</subfield>
  </datafield>
  <datafield tag="338" ind1=" " ind2=" ">
    <subfield code="a">&#x645;&#x62C;&#x644;&#x62F;</subfield>
    <subfield code="b">nc</subfield>
    <subfield code="2">rdacarrier</subfield>
  </datafield>
  <datafield tag="490" ind1="0" ind2=" ">
    <subfield code="a">&#x645;&#x647;&#x631;&#x62C;&#x627;&#x646; &#x627;&#x644;&#x642;&#x631;&#x627;&#x621;&#x629; &#x644;&#x644;&#x62C;&#x645;&#x64A;&#x639;.</subfield>
    <subfield code="a">&#x645;&#x643;&#x62A;&#x628;&#x629; &#x627;&#x644;&#x623;&#x633;&#x631;&#x629;</subfield>
  </datafield>
  <datafield tag="504" ind1=" " ind2=" ">
    <subfield code="a">&#x64A;&#x634;&#x62A;&#x645;&#x644; &#x639;&#x644;&#x649; &#x625;&#x631;&#x62C;&#x627;&#x639;&#x627;&#x62A; &#x628;&#x628;&#x644;&#x64A;&#x648;&#x62C;&#x631;&#x627;&#x641;&#x64A;&#x629; &#x648;&#x643;&#x634;&#x627;&#x641;&#x627;&#x62A;.</subfield>
  </datafield>
  <datafield tag="505" ind1="0" ind2=" ">
    <subfield code="a">&#x627;&#x644;&#x645;&#x62D;&#x62A;&#x648;&#x64A;&#x627;&#x62A; : &#x62C;.1.&#x627;&#x644;&#x645;&#x635;&#x631;&#x64A;&#x648;&#x646; &#x627;&#x644;&#x645;&#x62D;&#x62F;&#x62B;&#x648;&#x646;-&#x62C;.2. &#x627;&#x644;&#x639;&#x631;&#x628; &#x641;&#x649; &#x631;&#x64A;&#x641; &#x645;&#x635;&#x631; &#x648;&#x635;&#x62D;&#x631;&#x627;&#x648;&#x627;&#x62A;&#x647;&#x627;-&#x62C;.3. &#x62F;&#x631;&#x627;&#x633;&#x627;&#x62A; &#x639;&#x646; &#x627;&#x644;&#x645;&#x62F;&#x646; &#x648;&#x627;&#x644;&#x623;&#x642;&#x627;&#x644;&#x64A;&#x645; &#x627;&#x644;&#x645;&#x635;&#x631;&#x64A;&#x629;-&#x62C;.4. &#x627;&#x644;&#x632;&#x631;&#x627;&#x639;&#x629;- &#x627;&#x644;&#x635;&#x646;&#x627;&#x639;&#x627;&#x62A; &#x648;&#x627;&#x644;&#x62D;&#x631;&#x641;- &#x627;&#x644;&#x62A;&#x62C;&#x627;&#x631;&#x629;-&#x62C;.5. &#x627;&#x644;&#x646;&#x638;&#x627;&#x645; &#x627;&#x644;&#x645;&#x627;&#x644;&#x64A; &#x648;&#x627;&#x644;&#x625;&#x62F;&#x627;&#x631;&#x64A; &#x641;&#x649; &#x645;&#x635;&#x631; &#x627;&#x644;&#x639;&#x62B;&#x645;&#x627;&#x646;&#x64A;&#x629;-&#x62C;.6. &#x627;&#x644;&#x645;&#x648;&#x627;&#x632;&#x64A;&#x646; &#x648;&#x627;&#x644;&#x646;&#x642;&#x648;&#x62F;-&#x62C;.7. &#x627;&#x644;&#x645;&#x648;&#x633;&#x64A;&#x642;&#x649; &#x648;&#x627;&#x644;&#x63A;&#x646;&#x627;&#x621; &#x639;&#x646;&#x62F; &#x627;&#x644;&#x642;&#x62F;&#x645;&#x627;&#x621; &#x627;&#x644;&#x645;&#x635;&#x631;&#x64A;&#x64A;&#x646;-&#x62C;.8. &#x627;&#x644;&#x645;&#x648;&#x633;&#x64A;&#x642;&#x649; &#x648;&#x627;&#x644;&#x63A;&#x646;&#x627;&#x621; &#x639;&#x646;&#x62F; &#x627;&#x644;&#x645;&#x635;&#x631;&#x64A;&#x64A;&#x646; &#x627;&#x644;&#x645;&#x62D;&#x62F;&#x62B;&#x64A;&#x646;-&#x62C;.9. &#x627;&#x644;&#x622;&#x644;&#x622;&#x62A; &#x627;&#x644;&#x645;&#x648;&#x633;&#x64A;&#x642;&#x64A;&#x629; &#x627;&#x644;&#x645;&#x633;&#x62A;&#x62E;&#x62F;&#x645;&#x629; &#x639;&#x646;&#x62F; &#x627;&#x644;&#x645;&#x635;&#x631;&#x64A;&#x64A;&#x646; &#x627;&#x644;&#x645;&#x62D;&#x62F;&#x62B;&#x64A;&#x646;-&#x62C;.10. &#x645;&#x62F;&#x64A;&#x646;&#x629; &#x627;&#x644;&#x642;&#x627;&#x647;&#x631;&#x629; &#x648;&#x627;&#x644;&#x62E;&#x637;&#x648;&#x637; &#x627;&#x644;&#x639;&#x631;&#x628;&#x64A;&#x629; &#x639;&#x644;&#x649; &#x639;&#x645;&#x627;&#x626;&#x631; &#x627;&#x644;&#x642;&#x627;&#x647;&#x631;&#x629;-&#x62C;.11. &#x642;&#x627;&#x647;&#x631;&#x629; &#x627;&#x644;&#x645;&#x645;&#x627;&#x644;&#x64A;&#x643;-&#x62C;.12. &#x645;&#x642;&#x64A;&#x627;&#x633; &#x627;&#x644;&#x646;&#x64A;&#x644;-&#x62C;.13.&#x644;&#x648;&#x62D;&#x627;&#x62A; &#x627;&#x644;&#x62F;&#x648;&#x644;&#x629; &#x627;&#x644;&#x62D;&#x62F;&#x64A;&#x62B;&#x629;(1)-&#x62C;.14. &#x644;&#x648;&#x62D;&#x627;&#x62A; &#x627;&#x644;&#x62F;&#x648;&#x644;&#x629; &#x627;&#x644;&#x62D;&#x62F;&#x64A;&#x62B;&#x629;(2)-&#x62C;.15. &#x644;&#x648;&#x62D;&#x627;&#x62A; &#x627;&#x644;&#x62F;&#x648;&#x644;&#x629; &#x627;&#x644;&#x642;&#x62F;&#x64A;&#x645;&#x629;-&#x62C;.16. &#x644;&#x648;&#x62D;&#x627;&#x62A; &#x627;&#x644;&#x62F;&#x648;&#x644;&#x629; &#x627;&#x644;&#x642;&#x62F;&#x64A;&#x645;&#x629;-&#x62C;.17. &#x644;&#x648;&#x62D;&#x627;&#x62A; &#x627;&#x644;&#x62F;&#x648;&#x644;&#x629; &#x627;&#x644;&#x642;&#x62F;&#x64A;&#x645;&#x629;-&#x62C;.18. &#x644;&#x648;&#x62D;&#x627;&#x62A; &#x627;&#x644;&#x62F;&#x648;&#x644;&#x629; &#x627;&#x644;&#x642;&#x62F;&#x64A;&#x645;&#x629;-&#x62C;.19. &#x644;&#x648;&#x62D;&#x627;&#x62A; &#x627;&#x644;&#x62F;&#x648;&#x644;&#x629; &#x627;&#x644;&#x642;&#x62F;&#x64A;&#x645;&#x629;-&#x62C;.20. &#x648;&#x635;&#x641; &#x622;&#x62B;&#x627;&#x631; &#x62C;&#x632;&#x64A;&#x631;&#x629; &#x641;&#x64A;&#x644;&#x629; / &#x623;&#x627;&#x633;&#x648;&#x627;&#x646; &#x648;&#x627;&#x644;&#x634;&#x644;&#x627;&#x644;&#x627;&#x62A; / &#x627;&#x644;&#x641;&#x646;&#x62A;&#x64A;&#x646; / &#x643;&#x648;&#x645; &#x627;&#x645;&#x628;&#x648; &#x627;&#x62F;&#x641;&#x648;/ &#x627;&#x633;&#x646;&#x627;/ &#x627;&#x631;&#x645;&#x646;&#x62A;&#x60C; &#x62C;.21. &#x648;&#x635;&#x641; &#x622;&#x62B;&#x627;&#x631; &#x645;&#x62F;&#x64A;&#x646;&#x629; &#x637;&#x64A;&#x628;&#x629; (&#x627;&#x644;&#x623;&#x642;&#x635;&#x631;)-&#x62C;.22. &#x648;&#x635;&#x641; &#x622;&#x62B;&#x627;&#x631; &#x637;&#x64A;&#x628;&#x629;/ &#x62F;&#x646;&#x62F;&#x631;&#x629;/ &#x642;&#x641;&#x637;/ &#x642;&#x648;&#x635;/ &#x62F;&#x631;&#x627;&#x633;&#x629; &#x644;&#x644;&#x622;&#x62B;&#x627;&#x631; &#x627;&#x644;&#x641;&#x644;&#x643;&#x64A;&#x629;-&#x62C;.23. &#x648;&#x635;&#x641; &#x622;&#x62B;&#x627;&#x631; &#x623;&#x628;&#x64A;&#x62F;&#x648;&#x633;/ &#x642;&#x627;&#x648; &#x627;&#x644;&#x643;&#x628;&#x64A;&#x631;/ &#x623;&#x633;&#x64A;&#x648;&#x637;/ &#x627;&#x644;&#x623;&#x634;&#x645;&#x648;&#x646;&#x64A;&#x646;/ &#x623;&#x646;&#x62A;&#x64A;&#x646;&#x648;&#x64A;&#x647; "&#x627;&#x644;&#x634;&#x64A;&#x62E; &#x639;&#x628;&#x627;&#x62F;&#x629;" &#x645;&#x635;&#x631; &#x627;&#x644;&#x648;&#x633;&#x637;&#x649;/ &#x627;&#x644;&#x641;&#x64A;&#x648;&#x645;&#x60C; &#x62C;.24. &#x648;&#x635;&#x641; &#x622;&#x62B;&#x627;&#x631; &#x645;&#x646;&#x641;/ &#x628;&#x627;&#x628;&#x64A;&#x644;&#x648;&#x646;/ &#x647;&#x64A;&#x644;&#x648;&#x628;&#x648;&#x644;&#x64A;&#x633;/ &#x635;&#x627;&#x646; &#x627;&#x644;&#x62D;&#x62C;&#x631;/ &#x627;&#x644;&#x633;&#x648;&#x64A;&#x633;/ &#x627;&#x644;&#x62F;&#x644;&#x62A;&#x627;/ &#x627;&#x644;&#x623;&#x633;&#x643;&#x646;&#x62F;&#x631;&#x64A;&#x629;-&#x62C;.25. &#x62F;&#x631;&#x627;&#x633;&#x627;&#x62A; &#x62D;&#x648;&#x644; &#x645;&#x642;&#x64A;&#x627;&#x633; &#x627;&#x644;&#x646;&#x64A;&#x644; &#x641;&#x649; &#x627;&#x644;&#x641;&#x646;&#x62A;&#x64A;&#x646;/ &#x627;&#x644;&#x645;&#x642;&#x627;&#x64A;&#x64A;&#x633; &#x627;&#x644;&#x645;&#x635;&#x631;&#x64A;&#x629;/ &#x645;&#x642;&#x627;&#x628;&#x631; &#x627;&#x644;&#x643;&#x627;&#x628;/ &#x623;&#x648;&#x627;&#x646;&#x649; &#x627;&#x644;&#x645;&#x648;&#x631;&#x627;&#x646;/ &#x62A;&#x62C;&#x627;&#x631;&#x629; &#x627;&#x644;&#x635;&#x639;&#x64A;&#x62F;/ &#x627;&#x644;&#x623;&#x628;&#x631;&#x627;&#x62C; &#x627;&#x644;&#x641;&#x644;&#x643;&#x64A;&#x629;/ &#x627;&#x644;&#x62A;&#x62D;&#x646;&#x64A;&#x637;&#x60C; &#x62C;.26. &#x646;&#x638;&#x645; &#x627;&#x644;&#x642;&#x64A;&#x627;&#x633; &#x639;&#x646;&#x62F; &#x627;&#x644;&#x645;&#x635;&#x631;&#x64A;&#x64A;&#x646; &#x627;&#x644;&#x642;&#x62F;&#x645;&#x627;&#x621; &#x648;&#x634;&#x639;&#x648;&#x628; &#x627;&#x644;&#x639;&#x627;&#x644;&#x645; &#x627;&#x644;&#x642;&#x62F;&#x64A;&#x645;-&#x62C;.27-. &#x622;&#x62B;&#x631; &#x641;&#x627;&#x631;&#x633;&#x64A; &#x645;&#x646; &#x62E;&#x644;&#x64A;&#x62C; &#x627;&#x644;&#x633;&#x648;&#x64A;&#x633; &#x627;&#x644;&#x645;&#x642;&#x627;&#x64A;&#x64A;&#x633; &#x627;&#x644;&#x632;&#x631;&#x627;&#x639;&#x64A;&#x629; &#x644;&#x62F;&#x649; &#x642;&#x62F;&#x645;&#x627;&#x621; &#x627;&#x644;&#x645;&#x635;&#x631;&#x64A;&#x64A;&#x646; &#x62F;&#x631;&#x627;&#x633;&#x627;&#x62A; &#x641;&#x644;&#x643;&#x64A;&#x629;-&#x62C;.28. &#x62F;&#x631;&#x627;&#x633;&#x627;&#x62A; &#x62D;&#x648;&#x644; &#x627;&#x644;&#x639;&#x644;&#x648;&#x645; &#x648;&#x646;&#x638;&#x627;&#x645; &#x627;&#x644;&#x62D;&#x643;&#x645; &#x641;&#x649; &#x645;&#x635;&#x631; &#x627;&#x644;&#x642;&#x62F;&#x64A;&#x645;&#x629;/ &#x627;&#x644;&#x622;&#x62B;&#x627;&#x631; &#x627;&#x644;&#x641;&#x644;&#x643;&#x64A;&#x629;/ &#x627;&#x644;&#x639;&#x644;&#x627;&#x645;&#x627;&#x62A; &#x627;&#x644;&#x631;&#x642;&#x645;&#x64A;&#x629;/ &#x633;&#x643;&#x627;&#x646; &#x645;&#x635;&#x631; &#x642;&#x62F;&#x64A;&#x645;&#x627; &#x648;&#x62D;&#x62F;&#x64A;&#x62B;&#x627;/ &#x62A;&#x627;&#x631;&#x64A;&#x62E; &#x635;&#x646;&#x627;&#x639;&#x629; &#x627;&#x644;&#x632;&#x62C;&#x627;&#x62C;/ &#x623;&#x647;&#x631;&#x627;&#x645;&#x627;&#x62A; &#x627;&#x644;&#x62C;&#x64A;&#x632;&#x629;/ &#x648;&#x635;&#x641; &#x622;&#x62B;&#x627;&#x631; &#x645;&#x62F;&#x64A;&#x646;&#x629; &#x627;&#x644;&#x642;&#x627;&#x647;&#x631;&#x629;/ &#x646;&#x635;&#x648;&#x635; &#x642;&#x62F;&#x64A;&#x645;&#x629;/ &#x623;&#x647;&#x631;&#x627;&#x645;&#x627;&#x62A; &#x645;&#x635;&#x631;-&#x62C;.29-30-31- (&#x627;&#x644;&#x62A;&#x627;&#x631;&#x64A;&#x62E; &#x627;&#x644;&#x637;&#x628;&#x64A;&#x639;&#x649;) &#x644;&#x648;&#x62D;&#x627;&#x62A; &#x627;&#x644;&#x62A;&#x627;&#x631;&#x64A;&#x62E; &#x627;&#x644;&#x637;&#x628;&#x64A;&#x639;&#x649;/ &#x627;&#x644;&#x62B;&#x62F;&#x64A;&#x64A;&#x627;&#x62A;/ &#x627;&#x644;&#x637;&#x64A;&#x648;&#x631;/ &#x627;&#x644;&#x632;&#x648;&#x627;&#x62D;&#x641;/ &#x627;&#x644;&#x623;&#x633;&#x645;&#x627;&#x643;/ &#x627;&#x644;&#x62D;&#x64A;&#x648;&#x627;&#x646;/ &#x627;&#x644;&#x644;&#x627;&#x641;&#x642;&#x627;&#x631;&#x64A;&#x627;&#x62A;/ &#x627;&#x644;&#x646;&#x628;&#x627;&#x62A;/ &#x627;&#x644;&#x645;&#x639;&#x627;&#x62F;&#x646; &#x648;&#x627;&#x644;&#x635;&#x62E;&#x648;&#x631;-&#x62C;.32-. (&#x627;&#x644;&#x62A;&#x627;&#x631;&#x64A;&#x62E; &#x627;&#x644;&#x637;&#x628;&#x64A;&#x639;&#x649;) &#x627;&#x644;&#x632;&#x631;&#x627;&#x639;&#x629;/ &#x627;&#x644;&#x646;&#x628;&#x627;&#x62A;&#x627;&#x62A;/ &#x627;&#x644;&#x623;&#x631;&#x635;&#x627;&#x62F; &#x627;&#x644;&#x62C;&#x648;&#x64A;&#x629;&#x60C; &#x62C;. 33.(&#x627;&#x644;&#x62A;&#x627;&#x631;&#x64A;&#x62E; &#x627;&#x644;&#x637;&#x628;&#x64A;&#x639;&#x649;) &#x627;&#x644;&#x628;&#x646;&#x64A;&#x629; &#x627;&#x644;&#x637;&#x628;&#x64A;&#x639;&#x64A;&#x629; &#x644;&#x627;&#x631;&#x636; &#x645;&#x635;&#x631; (1)/ &#x648;&#x627;&#x62F;&#x649; &#x627;&#x644;&#x62A;&#x64A;&#x647;/ &#x648;&#x627;&#x62F;&#x649; &#x645;&#x635;&#x631;/ &#x648;&#x627;&#x62F;&#x649; &#x627;&#x644;&#x642;&#x635;&#x64A;&#x631;/ &#x627;&#x644;&#x635;&#x62E;&#x648;&#x631; &#x627;&#x644;&#x645;&#x635;&#x631;&#x64A;&#x629;/ &#x637;&#x645;&#x649; &#x627;&#x644;&#x646;&#x64A;&#x644;-&#x62C;.34. (&#x627;&#x644;&#x62A;&#x627;&#x631;&#x64A;&#x62E; &#x627;&#x644;&#x637;&#x628;&#x64A;&#x639;&#x649;) &#x627;&#x644;&#x628;&#x646;&#x64A;&#x629; &#x627;&#x644;&#x637;&#x628;&#x64A;&#x639;&#x64A;&#x629; &#x644;&#x623;&#x631;&#x636; &#x645;&#x635;&#x631; (2)/ &#x627;&#x644;&#x635;&#x62E;&#x648;&#x631; &#x648;&#x627;&#x644;&#x645;&#x639;&#x627;&#x62F;&#x646;/ &#x627;&#x644;&#x644;&#x627;&#x641;&#x642;&#x627;&#x631;&#x64A;&#x627;&#x62A; (&#x627;&#x644;&#x62F;&#x64A;&#x62F;&#x627;&#x646;)-&#x62C;. 35. (&#x627;&#x644;&#x62A;&#x627;&#x631;&#x64A;&#x62E; &#x627;&#x644;&#x637;&#x628;&#x64A;&#x639;&#x64A;) &#x627;&#x644;&#x644;&#x627;&#x641;&#x642;&#x627;&#x631;&#x64A;&#x627;&#x62A;/ &#x627;&#x644;&#x62D;&#x634;&#x631;&#x627;&#x62A;-&#x62C;.36. (&#x627;&#x644;&#x62A;&#x627;&#x631;&#x64A;&#x62E; &#x627;&#x644;&#x637;&#x628;&#x64A;&#x639;&#x649;) &#x627;&#x644;&#x644;&#x627;&#x641;&#x642;&#x627;&#x631;&#x64A;&#x627;&#x62A;/ &#x627;&#x644;&#x62B;&#x62F;&#x64A;&#x64A;&#x627;&#x62A;/ &#x627;&#x644;&#x637;&#x64A;&#x648;&#x631;-&#x62C;.37. (&#x627;&#x644;&#x62A;&#x627;&#x631;&#x64A;&#x62E; &#x627;&#x644;&#x637;&#x628;&#x64A;&#x639;&#x649;) &#x627;&#x644;&#x632;&#x648;&#x627;&#x62D;&#x641;/ &#x627;&#x644;&#x623;&#x633;&#x645;&#x627;&#x643;.</subfield>
  </datafield>
  <datafield tag="546" ind1=" " ind2=" ">
    <subfield code="a">&#x627;&#x644;&#x646;&#x635; &#x628;&#x627;&#x644;&#x644;&#x63A;&#x629; &#x627;&#x644;&#x639;&#x631;&#x628;&#x64A;&#x629; &#x61B; &#x645;&#x62A;&#x631;&#x62C;&#x645; &#x645;&#x646; &#x627;&#x644;&#x641;&#x631;&#x646;&#x633;&#x64A;&#x629;.</subfield>
  </datafield>
  <datafield tag="651" ind1=" " ind2="7">
    <subfield code="2">BUEsh</subfield>
    <subfield code="a">&#x645;&#x635;&#x631;</subfield>
    <subfield code="x">&#x62A;&#x627;&#x631;&#x64A;&#x62E;</subfield>
    <subfield code="y">&#x627;&#x644;&#x62D;&#x645;&#x644;&#x629; &#x627;&#x644;&#x641;&#x631;&#x646;&#x633;&#x64A;&#x629;</subfield>
    <subfield code="v">&#x62F;&#x648;&#x627;&#x626;&#x631; &#x645;&#x639;&#x627;&#x631;&#x641;.</subfield>
    <subfield code="9">36635</subfield>
  </datafield>
  <datafield tag="653" ind1=" " ind2=" ">
    <subfield code="b">ARALIT</subfield>
    <subfield code="c">November2014</subfield>
  </datafield>
  <datafield tag="655" ind1=" " ind2=" ">
    <subfield code="v">Reading book</subfield>
  </datafield>
  <datafield tag="700" ind1="1" ind2=" ">
    <subfield code="a">&#x634;&#x627;&#x64A;&#x628;&#x60C; &#x645;&#x646;&#x649; &#x632;&#x647;&#x64A;&#x631;&#x60C;</subfield>
    <subfield code="e">&#x645;&#x62A;&#x631;&#x62C;&#x645;.</subfield>
    <subfield code="9">36636</subfield>
  </datafield>
  <datafield tag="700" ind1="1" ind2=" ">
    <subfield code="a">&#x634;&#x627;&#x64A;&#x628;&#x60C; &#x632;&#x647;&#x64A;&#x631;&#x60C;</subfield>
    <subfield code="e">&#x645;&#x62A;&#x631;&#x62C;&#x645;.</subfield>
    <subfield code="9">36637</subfield>
  </datafield>
  <datafield tag="830" ind1=" " ind2="0">
    <subfield code="a">&#x645;&#x647;&#x631;&#x62C;&#x627;&#x646; &#x627;&#x644;&#x642;&#x631;&#x627;&#x621;&#x629; &#x644;&#x644;&#x62C;&#x645;&#x64A;&#x639;.</subfield>
    <subfield code="p">&#x645;&#x643;&#x62A;&#x628;&#x629; &#x627;&#x644;&#x623;&#x633;&#x631;&#x629;</subfield>
  </datafield>
  <datafield tag="942" ind1=" " ind2=" ">
    <subfield code="2">ddc</subfield>
  </datafield>
  <datafield tag="999" ind1=" " ind2=" ">
    <subfield code="c">18656</subfield>
    <subfield code="d">18628</subfield>
  </datafield>
  <datafield tag="952" ind1=" " ind2=" ">
    <subfield code="0">0</subfield>
    <subfield code="1">0</subfield>
    <subfield code="2">ddc</subfield>
    <subfield code="4">0</subfield>
    <subfield code="7">0</subfield>
    <subfield code="8">sorazbk</subfield>
    <subfield code="a">MAIN</subfield>
    <subfield code="b">MAIN</subfield>
    <subfield code="c">2ND</subfield>
    <subfield code="d">2014-11-20</subfield>
    <subfield code="e">purchase</subfield>
    <subfield code="g">7.00</subfield>
    <subfield code="o">962.03 &#x645; &#x648; &#x633;</subfield>
    <subfield code="p">000029723</subfield>
    <subfield code="r">2025-07-15 00:00:00</subfield>
    <subfield code="v">9.00</subfield>
    <subfield code="y">NB</subfield>
    <subfield code="z">&#x62C;.1.</subfield>
  </datafield>
  <datafield tag="952" ind1=" " ind2=" ">
    <subfield code="0">0</subfield>
    <subfield code="1">0</subfield>
    <subfield code="2">ddc</subfield>
    <subfield code="4">0</subfield>
    <subfield code="7">0</subfield>
    <subfield code="8">sorazbk</subfield>
    <subfield code="a">MAIN</subfield>
    <subfield code="b">MAIN</subfield>
    <subfield code="c">2ND</subfield>
    <subfield code="d">2014-11-20</subfield>
    <subfield code="e">purchase</subfield>
    <subfield code="g">7.00</subfield>
    <subfield code="o">962.03 &#x645; &#x648; &#x633;</subfield>
    <subfield code="p">000029722</subfield>
    <subfield code="r">2025-07-15 00:00:00</subfield>
    <subfield code="v">9.00</subfield>
    <subfield code="y">NB</subfield>
    <subfield code="z">&#x62C;.2.</subfield>
  </datafield>
  <datafield tag="952" ind1=" " ind2=" ">
    <subfield code="0">0</subfield>
    <subfield code="1">0</subfield>
    <subfield code="2">ddc</subfield>
    <subfield code="4">0</subfield>
    <subfield code="7">0</subfield>
    <subfield code="8">sorazbk</subfield>
    <subfield code="a">MAIN</subfield>
    <subfield code="b">MAIN</subfield>
    <subfield code="c">2ND</subfield>
    <subfield code="d">2014-11-20</subfield>
    <subfield code="e">purchase</subfield>
    <subfield code="g">7.00</subfield>
    <subfield code="o">962.03 &#x645; &#x648; &#x633;</subfield>
    <subfield code="p">000029724</subfield>
    <subfield code="r">2025-07-15 00:00:00</subfield>
    <subfield code="v">9.00</subfield>
    <subfield code="y">NB</subfield>
    <subfield code="z">&#x62C;.3.</subfield>
  </datafield>
  <datafield tag="952" ind1=" " ind2=" ">
    <subfield code="0">0</subfield>
    <subfield code="1">0</subfield>
    <subfield code="2">ddc</subfield>
    <subfield code="4">0</subfield>
    <subfield code="7">0</subfield>
    <subfield code="8">sorazbk</subfield>
    <subfield code="a">MAIN</subfield>
    <subfield code="b">MAIN</subfield>
    <subfield code="c">2ND</subfield>
    <subfield code="d">2014-11-20</subfield>
    <subfield code="e">purchase</subfield>
    <subfield code="g">7.00</subfield>
    <subfield code="o">962.03 &#x645; &#x648; &#x633;</subfield>
    <subfield code="p">000029725</subfield>
    <subfield code="r">2025-07-15 00:00:00</subfield>
    <subfield code="v">9.00</subfield>
    <subfield code="y">NB</subfield>
    <subfield code="z">&#x62C;.4.</subfield>
  </datafield>
  <datafield tag="952" ind1=" " ind2=" ">
    <subfield code="0">0</subfield>
    <subfield code="1">0</subfield>
    <subfield code="2">ddc</subfield>
    <subfield code="4">0</subfield>
    <subfield code="7">0</subfield>
    <subfield code="8">sorazbk</subfield>
    <subfield code="a">MAIN</subfield>
    <subfield code="b">MAIN</subfield>
    <subfield code="c">2ND</subfield>
    <subfield code="d">2014-11-20</subfield>
    <subfield code="e">Purchase</subfield>
    <subfield code="g">7.00</subfield>
    <subfield code="o">962.03 &#x645; &#x648; &#x633;</subfield>
    <subfield code="p">000029726</subfield>
    <subfield code="r">2025-07-15 00:00:00</subfield>
    <subfield code="v">9.00</subfield>
    <subfield code="y">NB</subfield>
    <subfield code="z">&#x62C;.5.</subfield>
  </datafield>
  <datafield tag="952" ind1=" " ind2=" ">
    <subfield code="0">0</subfield>
    <subfield code="1">0</subfield>
    <subfield code="2">ddc</subfield>
    <subfield code="3"> </subfield>
    <subfield code="4">0</subfield>
    <subfield code="7">0</subfield>
    <subfield code="8">sorazbk</subfield>
    <subfield code="a">MAIN</subfield>
    <subfield code="b">MAIN</subfield>
    <subfield code="c">2ND</subfield>
    <subfield code="d">2014-11-20</subfield>
    <subfield code="e">Purchase</subfield>
    <subfield code="g">7.00</subfield>
    <subfield code="o">962.03 &#x645; &#x648; &#x633;</subfield>
    <subfield code="p">000029727</subfield>
    <subfield code="r">2025-07-15 00:00:00</subfield>
    <subfield code="v">9.00</subfield>
    <subfield code="y">NB</subfield>
    <subfield code="z">&#x62C;.6.</subfield>
  </datafield>
  <datafield tag="952" ind1=" " ind2=" ">
    <subfield code="0">0</subfield>
    <subfield code="1">0</subfield>
    <subfield code="2">ddc</subfield>
    <subfield code="4">0</subfield>
    <subfield code="7">0</subfield>
    <subfield code="8">sorazbk</subfield>
    <subfield code="a">MAIN</subfield>
    <subfield code="b">MAIN</subfield>
    <subfield code="c">2ND</subfield>
    <subfield code="d">2014-11-20</subfield>
    <subfield code="e">purchase</subfield>
    <subfield code="g">7.00</subfield>
    <subfield code="o">962.03 &#x645; &#x648; &#x633;</subfield>
    <subfield code="p">000029728</subfield>
    <subfield code="r">2025-07-15 00:00:00</subfield>
    <subfield code="v">9.00</subfield>
    <subfield code="y">NB</subfield>
    <subfield code="z">&#x62C;.7.</subfield>
  </datafield>
  <datafield tag="952" ind1=" " ind2=" ">
    <subfield code="0">0</subfield>
    <subfield code="1">0</subfield>
    <subfield code="2">ddc</subfield>
    <subfield code="4">0</subfield>
    <subfield code="7">0</subfield>
    <subfield code="8">sorazbk</subfield>
    <subfield code="a">MAIN</subfield>
    <subfield code="b">MAIN</subfield>
    <subfield code="c">2ND</subfield>
    <subfield code="d">2014-11-20</subfield>
    <subfield code="e">purchase</subfield>
    <subfield code="g">7.00</subfield>
    <subfield code="o">962.03 &#x645; &#x648; &#x633;</subfield>
    <subfield code="p">000029729</subfield>
    <subfield code="r">2025-07-15 00:00:00</subfield>
    <subfield code="v">9.00</subfield>
    <subfield code="y">NB</subfield>
    <subfield code="z">&#x62C;.8.</subfield>
  </datafield>
  <datafield tag="952" ind1=" " ind2=" ">
    <subfield code="0">0</subfield>
    <subfield code="1">0</subfield>
    <subfield code="2">ddc</subfield>
    <subfield code="4">0</subfield>
    <subfield code="7">0</subfield>
    <subfield code="8">sorazbk</subfield>
    <subfield code="a">MAIN</subfield>
    <subfield code="b">MAIN</subfield>
    <subfield code="c">2ND</subfield>
    <subfield code="d">2014-11-20</subfield>
    <subfield code="e">purchase</subfield>
    <subfield code="g">7.00</subfield>
    <subfield code="o">962.03 &#x645; &#x648; &#x633;</subfield>
    <subfield code="p">000029730</subfield>
    <subfield code="r">2025-07-15 00:00:00</subfield>
    <subfield code="v">9.00</subfield>
    <subfield code="y">NB</subfield>
    <subfield code="z">&#x62C;.9.</subfield>
  </datafield>
  <datafield tag="952" ind1=" " ind2=" ">
    <subfield code="0">0</subfield>
    <subfield code="1">0</subfield>
    <subfield code="2">ddc</subfield>
    <subfield code="4">0</subfield>
    <subfield code="7">0</subfield>
    <subfield code="8">sorazbk</subfield>
    <subfield code="a">MAIN</subfield>
    <subfield code="b">MAIN</subfield>
    <subfield code="c">2ND</subfield>
    <subfield code="d">2014-11-20</subfield>
    <subfield code="e">purchase</subfield>
    <subfield code="g">7.00</subfield>
    <subfield code="o">962.03 &#x645; &#x648; &#x633;</subfield>
    <subfield code="p">000029731</subfield>
    <subfield code="r">2025-07-15 00:00:00</subfield>
    <subfield code="v">9.00</subfield>
    <subfield code="y">NB</subfield>
    <subfield code="z">&#x62C;.10.</subfield>
  </datafield>
  <datafield tag="952" ind1=" " ind2=" ">
    <subfield code="0">0</subfield>
    <subfield code="1">0</subfield>
    <subfield code="2">ddc</subfield>
    <subfield code="4">0</subfield>
    <subfield code="7">0</subfield>
    <subfield code="8">sorazbk</subfield>
    <subfield code="a">MAIN</subfield>
    <subfield code="b">MAIN</subfield>
    <subfield code="c">2ND</subfield>
    <subfield code="d">2014-11-20</subfield>
    <subfield code="e">purchase</subfield>
    <subfield code="g">7.00</subfield>
    <subfield code="o">962.03 &#x645; &#x648; &#x633;</subfield>
    <subfield code="p">000029732</subfield>
    <subfield code="r">2025-07-15 00:00:00</subfield>
    <subfield code="v">9.00</subfield>
    <subfield code="y">NB</subfield>
    <subfield code="z">&#x62C;.11.</subfield>
  </datafield>
  <datafield tag="952" ind1=" " ind2=" ">
    <subfield code="0">0</subfield>
    <subfield code="1">0</subfield>
    <subfield code="2">ddc</subfield>
    <subfield code="4">0</subfield>
    <subfield code="7">0</subfield>
    <subfield code="8">sorazbk</subfield>
    <subfield code="a">MAIN</subfield>
    <subfield code="b">MAIN</subfield>
    <subfield code="c">2ND</subfield>
    <subfield code="d">2014-11-20</subfield>
    <subfield code="e">purchase</subfield>
    <subfield code="g">7.00</subfield>
    <subfield code="o">962.03 &#x645; &#x648; &#x633;</subfield>
    <subfield code="p">000029733</subfield>
    <subfield code="r">2025-07-15 00:00:00</subfield>
    <subfield code="v">9.00</subfield>
    <subfield code="y">NB</subfield>
    <subfield code="z">&#x62C;.12.</subfield>
  </datafield>
  <datafield tag="952" ind1=" " ind2=" ">
    <subfield code="0">0</subfield>
    <subfield code="1">0</subfield>
    <subfield code="2">ddc</subfield>
    <subfield code="4">0</subfield>
    <subfield code="7">0</subfield>
    <subfield code="8">sorazbk</subfield>
    <subfield code="a">MAIN</subfield>
    <subfield code="b">MAIN</subfield>
    <subfield code="c">2ND</subfield>
    <subfield code="d">2014-11-20</subfield>
    <subfield code="e">purchase</subfield>
    <subfield code="g">7.00</subfield>
    <subfield code="o">962.03 &#x645; &#x648; &#x633;</subfield>
    <subfield code="p">000029734</subfield>
    <subfield code="r">2025-07-15 00:00:00</subfield>
    <subfield code="v">9.00</subfield>
    <subfield code="y">NB</subfield>
    <subfield code="z">&#x62C;.13.</subfield>
  </datafield>
  <datafield tag="952" ind1=" " ind2=" ">
    <subfield code="0">0</subfield>
    <subfield code="1">0</subfield>
    <subfield code="2">ddc</subfield>
    <subfield code="4">0</subfield>
    <subfield code="7">0</subfield>
    <subfield code="8">sorazbk</subfield>
    <subfield code="a">MAIN</subfield>
    <subfield code="b">MAIN</subfield>
    <subfield code="c">2ND</subfield>
    <subfield code="d">2014-11-20</subfield>
    <subfield code="e">purchase</subfield>
    <subfield code="g">7.00</subfield>
    <subfield code="o">962.03 &#x645; &#x648; &#x633;</subfield>
    <subfield code="p">000029735</subfield>
    <subfield code="r">2025-07-15 00:00:00</subfield>
    <subfield code="v">9.00</subfield>
    <subfield code="y">NB</subfield>
    <subfield code="z">&#x62C;.14.</subfield>
  </datafield>
  <datafield tag="952" ind1=" " ind2=" ">
    <subfield code="0">0</subfield>
    <subfield code="1">0</subfield>
    <subfield code="2">ddc</subfield>
    <subfield code="4">0</subfield>
    <subfield code="7">0</subfield>
    <subfield code="8">sorazbk</subfield>
    <subfield code="a">MAIN</subfield>
    <subfield code="b">MAIN</subfield>
    <subfield code="c">2ND</subfield>
    <subfield code="d">2014-11-20</subfield>
    <subfield code="e">purchase</subfield>
    <subfield code="g">7.00</subfield>
    <subfield code="o">962.03 &#x645; &#x648; &#x633;</subfield>
    <subfield code="p">000029736</subfield>
    <subfield code="r">2025-07-15 00:00:00</subfield>
    <subfield code="v">9.00</subfield>
    <subfield code="y">NB</subfield>
    <subfield code="z">&#x62C;.15.</subfield>
  </datafield>
  <datafield tag="952" ind1=" " ind2=" ">
    <subfield code="0">0</subfield>
    <subfield code="1">0</subfield>
    <subfield code="2">ddc</subfield>
    <subfield code="4">0</subfield>
    <subfield code="7">0</subfield>
    <subfield code="8">sorazbk</subfield>
    <subfield code="a">MAIN</subfield>
    <subfield code="b">MAIN</subfield>
    <subfield code="c">2ND</subfield>
    <subfield code="d">2014-11-20</subfield>
    <subfield code="e">purchase</subfield>
    <subfield code="g">7.00</subfield>
    <subfield code="o">962.03 &#x645; &#x648; &#x633;</subfield>
    <subfield code="p">000029737</subfield>
    <subfield code="r">2025-07-15 00:00:00</subfield>
    <subfield code="v">9.00</subfield>
    <subfield code="y">NB</subfield>
    <subfield code="z">&#x62C;.16.</subfield>
  </datafield>
  <datafield tag="952" ind1=" " ind2=" ">
    <subfield code="0">0</subfield>
    <subfield code="1">0</subfield>
    <subfield code="2">ddc</subfield>
    <subfield code="4">0</subfield>
    <subfield code="7">0</subfield>
    <subfield code="8">sorazbk</subfield>
    <subfield code="a">MAIN</subfield>
    <subfield code="b">MAIN</subfield>
    <subfield code="c">2ND</subfield>
    <subfield code="d">2014-11-20</subfield>
    <subfield code="e">purchase</subfield>
    <subfield code="g">7.00</subfield>
    <subfield code="o">962.03 &#x645; &#x648; &#x633;</subfield>
    <subfield code="p">000029738</subfield>
    <subfield code="r">2025-07-15 00:00:00</subfield>
    <subfield code="v">9.00</subfield>
    <subfield code="y">NB</subfield>
    <subfield code="z">&#x62C;.17.</subfield>
  </datafield>
  <datafield tag="952" ind1=" " ind2=" ">
    <subfield code="0">0</subfield>
    <subfield code="1">0</subfield>
    <subfield code="2">ddc</subfield>
    <subfield code="4">0</subfield>
    <subfield code="7">0</subfield>
    <subfield code="8">sorazbk</subfield>
    <subfield code="a">MAIN</subfield>
    <subfield code="b">MAIN</subfield>
    <subfield code="c">2ND</subfield>
    <subfield code="d">2014-11-20</subfield>
    <subfield code="e">purchase</subfield>
    <subfield code="g">7.00</subfield>
    <subfield code="o">962.03 &#x645; &#x648; &#x633;</subfield>
    <subfield code="p">000029739</subfield>
    <subfield code="r">2025-07-15 00:00:00</subfield>
    <subfield code="v">9.00</subfield>
    <subfield code="y">NB</subfield>
    <subfield code="z">&#x62C;.18.</subfield>
  </datafield>
  <datafield tag="952" ind1=" " ind2=" ">
    <subfield code="0">0</subfield>
    <subfield code="1">0</subfield>
    <subfield code="2">ddc</subfield>
    <subfield code="4">0</subfield>
    <subfield code="7">0</subfield>
    <subfield code="8">sorazbk</subfield>
    <subfield code="a">MAIN</subfield>
    <subfield code="b">MAIN</subfield>
    <subfield code="c">2ND</subfield>
    <subfield code="d">2014-11-20</subfield>
    <subfield code="e">purchase</subfield>
    <subfield code="g">7.00</subfield>
    <subfield code="o">962.03 &#x645; &#x648; &#x633;</subfield>
    <subfield code="p">000029740</subfield>
    <subfield code="r">2025-07-15 00:00:00</subfield>
    <subfield code="v">9.00</subfield>
    <subfield code="y">NB</subfield>
    <subfield code="z">&#x62C;.19.</subfield>
  </datafield>
  <datafield tag="952" ind1=" " ind2=" ">
    <subfield code="0">0</subfield>
    <subfield code="1">0</subfield>
    <subfield code="2">ddc</subfield>
    <subfield code="4">0</subfield>
    <subfield code="7">0</subfield>
    <subfield code="8">sorazbk</subfield>
    <subfield code="a">MAIN</subfield>
    <subfield code="b">MAIN</subfield>
    <subfield code="c">2ND</subfield>
    <subfield code="d">2014-11-20</subfield>
    <subfield code="e">purchase</subfield>
    <subfield code="g">7.00</subfield>
    <subfield code="o">962.03 &#x645; &#x648; &#x633;</subfield>
    <subfield code="p">000029741</subfield>
    <subfield code="r">2025-07-15 00:00:00</subfield>
    <subfield code="v">9.00</subfield>
    <subfield code="y">NB</subfield>
    <subfield code="z">&#x62C;.20.</subfield>
  </datafield>
  <datafield tag="952" ind1=" " ind2=" ">
    <subfield code="0">0</subfield>
    <subfield code="1">0</subfield>
    <subfield code="2">ddc</subfield>
    <subfield code="4">0</subfield>
    <subfield code="7">0</subfield>
    <subfield code="8">sorazbk</subfield>
    <subfield code="a">MAIN</subfield>
    <subfield code="b">MAIN</subfield>
    <subfield code="c">2ND</subfield>
    <subfield code="d">2014-11-20</subfield>
    <subfield code="e">purchase</subfield>
    <subfield code="g">7.00</subfield>
    <subfield code="o">962.03 &#x645; &#x648; &#x633;</subfield>
    <subfield code="p">000029742</subfield>
    <subfield code="r">2025-07-15 00:00:00</subfield>
    <subfield code="v">9.00</subfield>
    <subfield code="y">NB</subfield>
    <subfield code="z">&#x62C;.21.</subfield>
  </datafield>
  <datafield tag="952" ind1=" " ind2=" ">
    <subfield code="0">0</subfield>
    <subfield code="1">0</subfield>
    <subfield code="2">ddc</subfield>
    <subfield code="4">0</subfield>
    <subfield code="7">0</subfield>
    <subfield code="8">sorazbk</subfield>
    <subfield code="a">MAIN</subfield>
    <subfield code="b">MAIN</subfield>
    <subfield code="c">2ND</subfield>
    <subfield code="d">2014-11-20</subfield>
    <subfield code="e">purchase</subfield>
    <subfield code="g">7.00</subfield>
    <subfield code="o">962.03 &#x645; &#x648; &#x633;</subfield>
    <subfield code="p">000029744</subfield>
    <subfield code="r">2025-07-15 00:00:00</subfield>
    <subfield code="v">9.00</subfield>
    <subfield code="y">NB</subfield>
    <subfield code="z">&#x62C;.22.</subfield>
  </datafield>
  <datafield tag="952" ind1=" " ind2=" ">
    <subfield code="0">0</subfield>
    <subfield code="1">0</subfield>
    <subfield code="2">ddc</subfield>
    <subfield code="4">0</subfield>
    <subfield code="7">0</subfield>
    <subfield code="8">sorazbk</subfield>
    <subfield code="a">MAIN</subfield>
    <subfield code="b">MAIN</subfield>
    <subfield code="c">2ND</subfield>
    <subfield code="d">2014-11-20</subfield>
    <subfield code="e">purchase</subfield>
    <subfield code="g">7.00</subfield>
    <subfield code="o">962.03 &#x645; &#x648; &#x633;</subfield>
    <subfield code="p">000029743</subfield>
    <subfield code="r">2025-07-15 00:00:00</subfield>
    <subfield code="v">9.00</subfield>
    <subfield code="y">NB</subfield>
    <subfield code="z">&#x62C;.32.</subfield>
  </datafield>
  <datafield tag="952" ind1=" " ind2=" ">
    <subfield code="0">0</subfield>
    <subfield code="1">0</subfield>
    <subfield code="2">ddc</subfield>
    <subfield code="4">0</subfield>
    <subfield code="7">0</subfield>
    <subfield code="8">sorazbk</subfield>
    <subfield code="a">MAIN</subfield>
    <subfield code="b">MAIN</subfield>
    <subfield code="c">2ND</subfield>
    <subfield code="d">2014-11-20</subfield>
    <subfield code="e">purchase</subfield>
    <subfield code="g">7.00</subfield>
    <subfield code="o">962.03 &#x645; &#x648; &#x633;</subfield>
    <subfield code="p">000029745</subfield>
    <subfield code="r">2025-07-15 00:00:00</subfield>
    <subfield code="v">9.00</subfield>
    <subfield code="y">NB</subfield>
    <subfield code="z">&#x62C;.24.</subfield>
  </datafield>
  <datafield tag="952" ind1=" " ind2=" ">
    <subfield code="0">0</subfield>
    <subfield code="1">0</subfield>
    <subfield code="2">ddc</subfield>
    <subfield code="4">0</subfield>
    <subfield code="7">0</subfield>
    <subfield code="8">sorazbk</subfield>
    <subfield code="a">MAIN</subfield>
    <subfield code="b">MAIN</subfield>
    <subfield code="c">2ND</subfield>
    <subfield code="d">2014-11-20</subfield>
    <subfield code="e">purchase</subfield>
    <subfield code="g">7.00</subfield>
    <subfield code="o">962.03 &#x645; &#x648; &#x633;</subfield>
    <subfield code="p">000029746</subfield>
    <subfield code="r">2025-07-15 00:00:00</subfield>
    <subfield code="v">9.00</subfield>
    <subfield code="y">NB</subfield>
    <subfield code="z">&#x62C;.25.</subfield>
  </datafield>
  <datafield tag="952" ind1=" " ind2=" ">
    <subfield code="0">0</subfield>
    <subfield code="1">0</subfield>
    <subfield code="2">ddc</subfield>
    <subfield code="4">0</subfield>
    <subfield code="7">0</subfield>
    <subfield code="8">sorazbk</subfield>
    <subfield code="a">MAIN</subfield>
    <subfield code="b">MAIN</subfield>
    <subfield code="c">2ND</subfield>
    <subfield code="d">2014-11-20</subfield>
    <subfield code="e">purchase</subfield>
    <subfield code="g">7.00</subfield>
    <subfield code="o">962.03 &#x645; &#x648; &#x633;</subfield>
    <subfield code="p">000029747</subfield>
    <subfield code="r">2025-07-15 00:00:00</subfield>
    <subfield code="v">9.00</subfield>
    <subfield code="y">NB</subfield>
    <subfield code="z">&#x62C;.26.</subfield>
  </datafield>
  <datafield tag="952" ind1=" " ind2=" ">
    <subfield code="0">0</subfield>
    <subfield code="1">0</subfield>
    <subfield code="2">ddc</subfield>
    <subfield code="4">0</subfield>
    <subfield code="7">0</subfield>
    <subfield code="8">sorazbk</subfield>
    <subfield code="a">MAIN</subfield>
    <subfield code="b">MAIN</subfield>
    <subfield code="c">2ND</subfield>
    <subfield code="d">2014-11-20</subfield>
    <subfield code="e">purchase</subfield>
    <subfield code="g">7.00</subfield>
    <subfield code="o">962.03 &#x645; &#x648; &#x633;</subfield>
    <subfield code="p">000029748</subfield>
    <subfield code="r">2025-07-15 00:00:00</subfield>
    <subfield code="v">9.00</subfield>
    <subfield code="y">NB</subfield>
    <subfield code="z">&#x62C;.27.</subfield>
  </datafield>
  <datafield tag="952" ind1=" " ind2=" ">
    <subfield code="0">0</subfield>
    <subfield code="1">0</subfield>
    <subfield code="2">ddc</subfield>
    <subfield code="4">0</subfield>
    <subfield code="7">0</subfield>
    <subfield code="8">sorazbk</subfield>
    <subfield code="a">MAIN</subfield>
    <subfield code="b">MAIN</subfield>
    <subfield code="c">2ND</subfield>
    <subfield code="d">2014-11-20</subfield>
    <subfield code="e">purchase</subfield>
    <subfield code="g">7.00</subfield>
    <subfield code="o">962.03 &#x645; &#x648; &#x633;</subfield>
    <subfield code="p">000029749</subfield>
    <subfield code="r">2025-07-15 00:00:00</subfield>
    <subfield code="v">9.00</subfield>
    <subfield code="y">NB</subfield>
    <subfield code="z">&#x62C;.28.</subfield>
  </datafield>
  <datafield tag="952" ind1=" " ind2=" ">
    <subfield code="0">0</subfield>
    <subfield code="1">0</subfield>
    <subfield code="2">ddc</subfield>
    <subfield code="4">0</subfield>
    <subfield code="7">0</subfield>
    <subfield code="8">sorazbk</subfield>
    <subfield code="a">MAIN</subfield>
    <subfield code="b">MAIN</subfield>
    <subfield code="c">2ND</subfield>
    <subfield code="d">2014-11-20</subfield>
    <subfield code="e">purchase</subfield>
    <subfield code="g">7.00</subfield>
    <subfield code="o">962.03 &#x645; &#x648; &#x633;</subfield>
    <subfield code="p">000029750</subfield>
    <subfield code="r">2025-07-15 00:00:00</subfield>
    <subfield code="v">9.00</subfield>
    <subfield code="y">NB</subfield>
    <subfield code="z">&#x62C;.29-30-31.</subfield>
  </datafield>
  <datafield tag="952" ind1=" " ind2=" ">
    <subfield code="0">0</subfield>
    <subfield code="1">0</subfield>
    <subfield code="2">ddc</subfield>
    <subfield code="4">0</subfield>
    <subfield code="7">0</subfield>
    <subfield code="8">sorazbk</subfield>
    <subfield code="a">MAIN</subfield>
    <subfield code="b">MAIN</subfield>
    <subfield code="c">2ND</subfield>
    <subfield code="d">2014-11-20</subfield>
    <subfield code="e">purchase</subfield>
    <subfield code="g">7.00</subfield>
    <subfield code="o">962.03 &#x645; &#x648; &#x633;</subfield>
    <subfield code="p">000029751</subfield>
    <subfield code="r">2025-07-15 00:00:00</subfield>
    <subfield code="v">9.00</subfield>
    <subfield code="y">NB</subfield>
    <subfield code="z">&#x62C;.32.</subfield>
  </datafield>
  <datafield tag="952" ind1=" " ind2=" ">
    <subfield code="0">0</subfield>
    <subfield code="1">0</subfield>
    <subfield code="2">ddc</subfield>
    <subfield code="4">0</subfield>
    <subfield code="7">0</subfield>
    <subfield code="8">sorazbk</subfield>
    <subfield code="a">MAIN</subfield>
    <subfield code="b">MAIN</subfield>
    <subfield code="c">2ND</subfield>
    <subfield code="d">2014-11-20</subfield>
    <subfield code="e">purchase</subfield>
    <subfield code="g">7.00</subfield>
    <subfield code="o">962.03 &#x645; &#x648; &#x633;</subfield>
    <subfield code="p">000029752</subfield>
    <subfield code="r">2025-07-15 00:00:00</subfield>
    <subfield code="v">9.00</subfield>
    <subfield code="y">NB</subfield>
    <subfield code="z">&#x62C;.33.</subfield>
  </datafield>
  <datafield tag="952" ind1=" " ind2=" ">
    <subfield code="0">0</subfield>
    <subfield code="1">0</subfield>
    <subfield code="2">ddc</subfield>
    <subfield code="4">0</subfield>
    <subfield code="7">0</subfield>
    <subfield code="8">sorazbk</subfield>
    <subfield code="a">MAIN</subfield>
    <subfield code="b">MAIN</subfield>
    <subfield code="c">2ND</subfield>
    <subfield code="d">2014-11-20</subfield>
    <subfield code="e">purchase</subfield>
    <subfield code="g">7.00</subfield>
    <subfield code="o">962.03 &#x645; &#x648; &#x633;</subfield>
    <subfield code="p">000029753</subfield>
    <subfield code="r">2025-07-15 00:00:00</subfield>
    <subfield code="v">9.00</subfield>
    <subfield code="y">NB</subfield>
    <subfield code="z">&#x62C;.34.</subfield>
  </datafield>
  <datafield tag="952" ind1=" " ind2=" ">
    <subfield code="0">0</subfield>
    <subfield code="1">0</subfield>
    <subfield code="2">ddc</subfield>
    <subfield code="4">0</subfield>
    <subfield code="7">0</subfield>
    <subfield code="8">sorazbk</subfield>
    <subfield code="a">MAIN</subfield>
    <subfield code="b">MAIN</subfield>
    <subfield code="c">2ND</subfield>
    <subfield code="d">2014-11-20</subfield>
    <subfield code="e">purchase</subfield>
    <subfield code="g">7.00</subfield>
    <subfield code="o">962.03 &#x645; &#x648; &#x633;</subfield>
    <subfield code="p">000029754</subfield>
    <subfield code="r">2025-07-15 00:00:00</subfield>
    <subfield code="v">9.00</subfield>
    <subfield code="y">NB</subfield>
    <subfield code="z">&#x62C;.35.</subfield>
  </datafield>
  <datafield tag="952" ind1=" " ind2=" ">
    <subfield code="0">0</subfield>
    <subfield code="1">0</subfield>
    <subfield code="2">ddc</subfield>
    <subfield code="4">0</subfield>
    <subfield code="7">0</subfield>
    <subfield code="8">sorazbk</subfield>
    <subfield code="a">MAIN</subfield>
    <subfield code="b">MAIN</subfield>
    <subfield code="c">2ND</subfield>
    <subfield code="d">2014-11-20</subfield>
    <subfield code="e">purchase</subfield>
    <subfield code="g">7.00</subfield>
    <subfield code="o">962.03 &#x645; &#x648; &#x633;</subfield>
    <subfield code="p">000029755</subfield>
    <subfield code="r">2025-07-15 00:00:00</subfield>
    <subfield code="v">9.00</subfield>
    <subfield code="y">NB</subfield>
    <subfield code="z">&#x62C;.36.</subfield>
  </datafield>
  <datafield tag="952" ind1=" " ind2=" ">
    <subfield code="0">0</subfield>
    <subfield code="1">0</subfield>
    <subfield code="2">ddc</subfield>
    <subfield code="4">0</subfield>
    <subfield code="7">0</subfield>
    <subfield code="8">sorazbk</subfield>
    <subfield code="a">MAIN</subfield>
    <subfield code="b">MAIN</subfield>
    <subfield code="c">2ND</subfield>
    <subfield code="d">2014-11-20</subfield>
    <subfield code="e">purchase</subfield>
    <subfield code="g">7.00</subfield>
    <subfield code="o">962.03 &#x645; &#x648; &#x633;</subfield>
    <subfield code="p">000029756</subfield>
    <subfield code="r">2025-07-15 00:00:00</subfield>
    <subfield code="v">9.00</subfield>
    <subfield code="y">NB</subfield>
    <subfield code="z">&#x62C;.37.</subfield>
  </datafield>
</record>
